| 000 | 00667nam a22001695i 4500 | ||
|---|---|---|---|
| 001 | 153704 | ||
| 003 | ES-MaACL | ||
| 005 | 20230906205341.0 | ||
| 008 | 011123s1894 sp |||| | spa d | ||
| 040 |
_aEXT _bspa _cEXT |
||
| 110 | 2 |
_aEscuela Municipal de Artes y Oficios de Badajoz. _9134359 |
|
| 245 | 1 | 0 |
_aMemoria leĆda en el acto de la apertura / _cpor ... Ignacio Santos Redondo. |
| 260 |
_aBadajoz : _b[s.n.], _c1894 ( _fTip., lit. y enc. La Industria, de uceda Hermanos) |
||
| 300 |
_a41 p. ; _c20 cm. |
||
| 700 | 2 | 1 |
_aSantos Redondo, Ignacio. _9132452 |
| 852 |
_aES-MaACL _jT-870-F-1 _z-- Enc. hol., conservando la cub. original _z-- Enc. en un vol. facticio |
||
| 999 |
_c153704 _d153704 |
||